01029 2200349 4500001002100000005001500021035002000036007000300056008004100059040001700100100001700117245012100134250001000255300005300265020002200318041000800340082000800348084001400356090001800370260004600388520002000434600001600454700002400470850001000494990002500504990002500529990002500554990002500579990002500604990002500629990002500654INLIS00000000000254620260601023109 a0010-0220000397ta260601 0  aSBPUPADbInd0 aAri Ahadrian1 aMozaik Seni dan Budaya Indonesia :bMotif Kain dan Busana Tradisional Indonesia /cAri Ahadrian, Editor: Ali Muakhir aCet.1 a194 hlm. :bIlus. ;c30 cmeBibliografi, hlm 195 a978-602-234-303-5 aInd a300 a300 ARI m a300 ARI m 6-4 aYogyakarta :bPT. Citra Aji Parama,c2015 aIndeks, hlm 196 4aIlmu Sosial aEditor: Ali Muakhir aPUPAD a32.571/APBD/DPK/2019 a32.572/APBD/DPK/2019 a32.569/APBD/DPK/2019 a32.570/APBD/DPK/2019 a32.567/APBD/DPK/2019 a31.572/APBD/DPK/2019 a31.572/APBD/DPK/2019